000 00584nam a2200169 i 4500
001 95736
003 ES-MaACL
005 20230906181749.0
007 t|
008 050602s1971 sp ||||1| cat d
100 1 _aLlovet, Joaquim.
_972943
245 1 0 _aConstructors navals de l'ex-provincia maritima de Mataró
_b: 1816-1875 /
_cJoaquim Llovet; próleg d' Agustí Duran i Sampere.
260 _aMataró :
_bCaixa d'Estalvis Laietana,
_c1971.
300 _a134 p., 5 h., XVIII lám. ;
_c22 cm.
710 2 _aCaixa d'Estalvis Laietana.
_92275
852 _aES-MaACL
_jC-44191
_bR.77736
999 _c95736
_d95736